00344 2200145 4500001002100000005001500021035002000036082000800056084001400064100001500078245003900093250000600132260003600138990002400174INLIS00000000000246320250604104906 a0010-0625000049 a813 a813 ALI l0 aAli Sabana1 aLayar Terkembang /cST. Ali Sabana a1 aJakarta :bBalai Pustaka,c2002 a02.1830 s/d 02.1839